000 00349nam a2200145Ia 4500
008 221030s9999 xx 000 0 und d
041 _aEnglish
082 _a105.23
_bTay
100 _aA. K. Tayal
245 0 _aEngineering Mechanics Statics & Dynamics
260 _bUmesh Pub.
_aDelhi
_c1999
300 _a686
650 _aMechanical
942 _cBK
999 _c1592
_d1592